Province che confinano con la Città metropolitana di Genova - Statistics

Statistiche generali
  • Questo quiz è stato fatto 44 volte
  • Il punteggio medio è 4 su 5
Statistiche sulle risposte
Regione Provincia % Corretto
Piemonte Provincia di Alessandria
95%
Liguria Provincia di Savona
95%
Emilia-Romagna Provincia di Parma
90%
Emilia-Romagna Provincia di Piacenza
88%
Liguria Provincia della Spezia
80%
Nessun quiz corrispondente trovato
Distribuzione punteggi
Percentuale di utenti per punteggio
Percentile per numero di risposta
I tuoi punteggi nel tempo
Non hai fatto questo quiz